000
00306 a2200157 4500
001
50556
040
_c
Anchieta - Bela Vista
100
_a
França, Mary
240
1
0
_a
Dudu
_l
por
245
1
0
_a
Dudu
300
_a
12
362
0
_a
2017
440
1
_a
Gaudí
650
4
_a
Literatura infantil
942
_c
BK
999
_c
50556
_d
50556